000 00590nam a2200241Ia 4500
003 OSt
005 20231118094851.0
008 210329s9999||||xx |||||||||||||| ||und||
020 _a8186734260
040 _cSTCPL
041 _aENG
082 _a512
_bDEB-M
100 _aDebra, Ross
245 0 _aMaster math :
_bBasic math and pre-algebra /
_cby Ross Debra
260 _aBangalore :
_bMaster mind books ,
_c2002.
300 _a178 p.
_bPB
650 _aMathematics
650 _aBasic mathematics
650 _aFractions
650 _aNumbers
942 _cBK
942 _2ddc
999 _c65121
_d65121